Chanteurs années 70 - Statistiques

Statistiques générales
  • Ce quiz a été pris 202 fois
  • Le résultat moyen est 7 sur 15
Statistiques - réponses
Paroles Chanteurs % Correct
Elle court, elle court, la maladie d'amour... Michel Sardou
96%
Elle passe toute ses nuits sans dormir à gâcher son bel avenir, la groupie du pianiste... Michel Berger
87%
Les amis je dois m'en aller, je n'ai plus qu'à jeter mes clés car elle m'attends depuis que je suis né... Joe Dassin
67%
J'ai mon rhumatisme qui devient gênant, ma pauvre Cécile j'ai 70 ans... Michel Delpech
65%
Il est six heures au clocher de l'église, dans le square les fleurs poétisent... Christophe
57%
Depuis que je suis loin de toi, je suis comme loin de moi... Michel Polnareff
56%
Vous mes amis tant de fois vous me dites que d'ici peu je ne serai plus triste... Mike Brant
44%
Il faut que je vous chante pour oublier, une étoile filante qui m'a quitté... Claude François
43%
Loin de toi je me demande pourquoi ma vie ressemble à une terre brûlée... Dave
37%
La pluie sur les toits c'est la musica, le son de ta voix c'est la musica... Patrick Juvet
33%
Je me souviens de ces matins d'hiver dans la nuit sombre et glacée... Gérard Lenorman
29%
Rien qu'une ciel, un peu d'eau, des fleurs et quelques hirondelles... Il était une fois
16%
Toi qui est seul et qui réclame un peu d'amour et d'amitié... Gilbert Bécaud
15%
Notre histoire a commencé par quelques mots d'amour, c'est fou ce qu'on s'aime... Salvatore Adamo
14%
Quand l'été n'est plus qu'une photo qui vieillit, quand tout les souvenirs deviennent mélancolie... François Valery
6%
Aucun quiz correspondant
Distribution des résultats
% des personnes avec chaque résultat
Percentile par nombre de réponses
Votre historique - résultats
Vous n’avez pas pris ce quiz